000 00740nam a2200229 i 4500
001 14678
003 ES-MaACL
005 20260209164527.0
007 t|
008 981103s1997 sp a |||| | spa j
020 _a84-206-3427-1
080 _a916
100 1 _aReverte, Javier,
_d1944-2020
_978353
245 1 3 _aEl sueño de África
_b: en busca de los mitos blancos del continente negro /
_cJavier Reverte.
260 _aMadrid :
_bAlianza Editorial,
_c[1997]
300 _a534 p. :
_bil. ;
_c18 cm.
490 1 _aEl libro de bolsillo. Viajes ;
_v5940
651 4 _aÁfrica-
_xDescripción
_97593
830 0 _aEl libro de bolsillo. Viajes ;
_v5940
_9225700
852 _aES-MaACL
_jL-21878
999 _c14678
_d14678